000
00313nam a22001457a 4500
008
210609b ||||| |||| 00| 0 eng d
020
_a
9790030500496
041
_a
eng
080
_a
574
082
_a
574
100
_a
9
101
_a
MJE
245
_a
Environmental Science
_c
Katy Z. Allen
942
_2
udc
_c
BK
999
_c
58113
_d
58113